| 000 | 00337nam a22001217a 4500 | ||
|---|---|---|---|
| 008 | 140221b xxu||||| |||| 00| 0 eng d | ||
| 050 | _aPR9390.9.H6R3 | ||
| 100 |
_aHove, Chenjerai _98876 |
||
| 245 |
_aRainbow in the dust _cChengerai Hove |
||
| 260 |
_aHarare _bBaobab Books _c1998 |
||
| 300 |
_ax, 61p. ; _c20cm. |
||
| 942 |
_2lcc _cMONOGRAPH |
||
| 999 |
_c120142 _d120142 |
||